Granada Christian Church news.

Bibliographic Details
Corporate Author: Granada Christian Church (Amache, Colo.)
Format: Microform Journal
Language:English
Published: Amache, Colo. : Granada Christian Church.
Series:Japanese camp papers.
Subjects:

MARC

Tag First Indicator Second Indicator Subfields
LEADER 00000cas a2200000Ia 4500
001 in00002783731
005 20151202173014.0
007 hd afu---bucu
008 130122u1942uuuucouuu p a 0 0eng c
035 |a (OCoLC)ocn824761679 
040 |a TXA  |c TXA  |d UtOrBLW 
043 |a n-us-co 
049 |a TXAM 
099 |a film  |a N  |a 800 reel 14 
110 2 |a Granada Christian Church (Amache, Colo.) 
245 1 0 |a Granada Christian Church news. 
246 1 |i Issue for <July 25, 1943> has title:  |a Granada church news 
264 1 |a Amache, Colo. :  |b Granada Christian Church. 
300 |a volumes ;  |c 26 cm. 
336 |a text  |b txt  |2 rdacontent 
337 |a microform  |b h  |2 rdamedia 
338 |a microfilm reel  |b hd  |2 rdacarrier 
362 1 |a Began in 1942. 
588 |a Description based on: Vol. 1, no. 2 (Nov. 22, 1942); title from caption. 
588 |a Latest issue consulted: Vol. 2, no. 12 (Apr. 2, 1944). 
533 |a Microfilm.  |b [Washington, D.C. :  |c Library of Congress Photoduplication Service],  |e 1 microfilm reel ; 35 mm.  |f (Japanese camp papers) 
500 |a Microform. 
610 2 0 |a Granada Christian Church (Amache, Colo.)  |v Periodicals. 
830 0 |a Japanese camp papers. 
994 |a C0  |b TXA 
948 |a cataloged  |b h  |c 2013/1/22  |d o  |e coplinger  |f 12:33:24 pm 
999 |a MARS 
999 f f |s 07949091-7555-34df-8dc7-2aeb1013a066  |i 05879bd0-2892-350d-a7e9-a8fdf3291ded  |t 0 
952 f f |a Texas A&M University  |b College Station  |c Sterling C. Evans Library  |d Evans: Microforms (3rd floor)  |t 0  |e film N 800 reel 14  |h Other scheme 
998 f f |a film N 800 reel 14  |s v.2:no.3-4,11-12 (1944:Jan.16-Jan.23,Mar.26-Apr.2)  |t 0  |l Evans: Microforms (3rd floor)